1951 College Football AP Poll - Statistics

General Stats
  • This quiz has been taken 13 times
  • The average score is 176 of 221
Answer Stats
Week Rank Team W L T Conference % Correct
Preseason 17 Michigan 0 0 Big Ten
100%
Week 5 (10/29) 15 Michigan 3 2 Big Ten
100%
Preseason 3 Ohio State 0 0 Big Ten
100%
Week 1 (10/1) 7 Ohio State 1 0 Big Ten
100%
Week 2 (10/8) 9 Ohio State 1 1 Big Ten
100%
Week 3 (10/15) 17 Ohio State 1 1 1 Big Ten
100%
Week 6 (11/5) 20 Ohio State 3 2 1 Big Ten
100%
Preseason 4 Oklahoma 0 0 Big Seven
100%
Week 1 (10/1) 4 Oklahoma 1 0 Big Seven
100%
Week 2 (10/8) 11 Oklahoma 1 1 Big Seven
100%
Week 3 (10/15) 19 Oklahoma 1 2 Big Seven
100%
Week 5 (10/29) 17 Oklahoma 3 2 Big Seven
100%
Week 6 (11/5) 14 Oklahoma 4 2 Big Seven
100%
Week 7 (11/12) 12 Oklahoma 5 2 Big Seven
100%
Week 8 (11/19) 12 Oklahoma 6 2 Big Seven
100%
Week 9 (11/26) 10 Oklahoma 7 2 Big Seven
100%
Week 10 (12/3) 10 Oklahoma 8 2 Big Seven
100%
Preseason 19 Penn 0 0 Independent
100%
Preseason 2 Tennessee 0 0 SEC
100%
Week 1 (10/1) 3 Tennessee 1 0 SEC
100%
Week 2 (10/8) 3 Tennessee 2 0 SEC
100%
Week 3 (10/15) 2 Tennessee 3 0 SEC
100%
Week 4 (10/22) 1 Tennessee 4 0 SEC
100%
Week 5 (10/29) 1 Tennessee 5 0 SEC
100%
Week 6 (11/5) 1 Tennessee 6 0 SEC
100%
Week 7 (11/12) 2 Tennessee 7 0 SEC
100%
Week 8 (11/19) 1 Tennessee 8 0 SEC
100%
Week 9 (11/26) 1 Tennessee 9 0 SEC
100%
Week 10 (12/3) 1 Tennessee 10 0 SEC
100%
Preseason 11 Texas 0 0 Southwest
100%
Week 1 (10/1) 6 Texas 2 0 Southwest
100%
Week 2 (10/8) 6 Texas 3 0 Southwest
100%
Week 3 (10/15) 4 Texas 4 0 Southwest
100%
Week 4 (10/22) 10 Texas 4 1 Southwest
100%
Week 5 (10/29) 12 Texas 5 1 Southwest
100%
Week 6 (11/5) 10 Texas 6 1 Southwest
100%
Week 7 (11/12) 15 Texas 6 2 Southwest
100%
Week 8 (11/19) 14 Texas 7 2 Southwest
100%
Week 9 (11/26) 16 Texas 7 2 Southwest
100%
Week 2 (10/8) 14 USC 3 0 Pacific Coast
100%
Week 3 (10/15) 11 USC 4 0 Pacific Coast
100%
Week 4 (10/22) 6 USC 5 0 Pacific Coast
100%
Week 5 (10/29) 7 USC 6 0 Pacific Coast
100%
Week 6 (11/5) 6 USC 7 0 Pacific Coast
100%
Week 7 (11/12) 11 USC 7 1 Pacific Coast
100%
Week 8 (11/19) 11 USC 7 2 Pacific Coast
100%
Week 9 (11/26) 20 USC 7 3 Pacific Coast
100%
Preseason 9 Alabama 0 0 SEC
91%
Week 4 (10/22) 19 Arkansas 3 2 Southwest
91%
Week 6 (11/5) 20 Arkansas 4 3 Southwest
91%
Preseason 5 California 0 0 Pacific Coast
91%
Week 1 (10/1) 2 California 2 0 Pacific Coast
91%
Week 2 (10/8) 2 California 3 0 Pacific Coast
91%
Week 3 (10/15) 1 California 4 0 Pacific Coast
91%
Week 4 (10/22) 9 California 4 1 Pacific Coast
91%
Week 5 (10/29) 9 California 5 1 Pacific Coast
91%
Week 6 (11/5) 17 California 5 2 Pacific Coast
91%
Week 7 (11/12) 16 California 5 3 Pacific Coast
91%
Week 8 (11/19) 19 California 7 2 Pacific Coast
91%
Week 9 (11/26) 12 California 8 2 Pacific Coast
91%
Week 10 (12/3) 12 California 8 2 Pacific Coast
91%
Week 1 (10/1) 13 Georgia 2 0 SEC
91%
Week 1 (10/1) 11 Georgia Tech 2 0 SEC
91%
Week 2 (10/8) 8 Georgia Tech 3 0 SEC
91%
Week 3 (10/15) 5 Georgia Tech 4 0 SEC
91%
Week 4 (10/22) 3 Georgia Tech 5 0 SEC
91%
Week 5 (10/29) 5 Georgia Tech 6 0 SEC
91%
Week 6 (11/5) 8 Georgia Tech 6 0 1 SEC
91%
Week 7 (11/12) 7 Georgia Tech 7 0 1 SEC
91%
Week 8 (11/19) 7 Georgia Tech 8 0 1 SEC
91%
Week 9 (11/26) 6 Georgia Tech 9 0 1 SEC
91%
Week 10 (12/3) 5 Georgia Tech 10 0 1 SEC
91%
Preseason 6 Kentucky 0 0 SEC
91%
Week 1 (10/1) 17 Kentucky 1 2 SEC
91%
Week 4 (10/22) 17 Kentucky 3 3 SEC
91%
Week 5 (10/29) 14 Kentucky 4 3 SEC
91%
Week 6 (11/5) 12 Kentucky 5 3 SEC
91%
Week 7 (11/12) 9 Kentucky 6 3 SEC
91%
Week 8 (11/19) 9 Kentucky 7 3 SEC
91%
Week 9 (11/26) 17 Kentucky 7 4 SEC
91%
Week 10 (12/3) 15 Kentucky 7 4 SEC
91%
Preseason 12 Nebraska 0 0 Big Seven
91%
Preseason 14 Notre Dame 0 0 Independent
91%
Week 1 (10/1) 5 Notre Dame 1 0 Independent
91%
Week 2 (10/8) 5 Notre Dame 2 0 Independent
91%
Week 4 (10/22) 15 Notre Dame 3 1 Independent
91%
Week 5 (10/29) 13 Notre Dame 4 1 Independent
91%
Week 6 (11/5) 11 Notre Dame 5 1 Independent
91%
Week 7 (11/12) 18 UCLA 4 3 Pacific Coast
91%
Week 9 (11/26) 15 UCLA 5 3 1 Pacific Coast
91%
Week 10 (12/3) 17 UCLA 5 3 1 Pacific Coast
91%
Preseason 8 Washington 0 0 Pacific Coast
91%
Week 1 (10/1) 12 Washington 2 0 Pacific Coast
91%
Week 3 (10/15) 20 Washington 3 1 Pacific Coast
91%
Week 1 (10/1) 16 Duke 2 0 SoCon
82%
Preseason 10 Illinois 0 0 Big Ten
82%
Week 1 (10/1) 8 Illinois 1 0 Big Ten
82%
Week 2 (10/8) 7 Illinois 2 0 Big Ten
82%
Week 3 (10/15) 8 Illinois 3 0 Big Ten
82%
Week 4 (10/22) 4 Illinois 4 0 Big Ten
82%
Week 5 (10/29) 3 Illinois 5 0 Big Ten
82%
Week 6 (11/5) 2 Illinois 6 0 Big Ten
82%
Week 7 (11/12) 3 Illinois 7 0 Big Ten
82%
Week 8 (11/19) 6 Illinois 7 0 1 Big Ten
82%
Week 9 (11/26) 4 Illinois 8 0 1 Big Ten
82%
Week 10 (12/3) 4 Illinois 8 0 1 Big Ten
82%
Preseason 16 Maryland 0 0 SoCon
82%
Week 1 (10/1) 9 Maryland 1 0 SoCon
82%
Week 2 (10/8) 10 Maryland 2 0 SoCon
82%
Week 3 (10/15) 7 Maryland 3 0 SoCon
82%
Week 4 (10/22) 5 Maryland 4 0 SoCon
82%
Week 5 (10/29) 4 Maryland 5 0 SoCon
82%
Week 6 (11/5) 3 Maryland 6 0 SoCon
82%
Week 7 (11/12) 5 Maryland 7 0 SoCon
82%
Week 8 (11/19) 4 Maryland 8 0 SoCon
82%
Week 9 (11/26) 3 Maryland 9 0 SoCon
82%
Week 10 (12/3) 3 Maryland 9 0 SoCon
82%
Preseason 1 Michigan State 0 0 Independent
82%
Week 1 (10/1) 1 Michigan State 2 0 Independent
82%
Week 2 (10/8) 1 Michigan State 3 0 Independent
82%
Week 3 (10/15) 3 Michigan State 4 0 Independent
82%
Week 4 (10/22) 2 Michigan State 5 0 Independent
82%
Week 5 (10/29) 2 Michigan State 6 0 Independent
82%
Week 6 (11/5) 5 Michigan State 6 0 Independent
82%
Week 7 (11/12) 1 Michigan State 7 0 Independent
82%
Week 8 (11/19) 2 Michigan State 8 0 Independent
82%
Week 9 (11/26) 2 Michigan State 9 0 Independent
82%
Week 10 (12/3) 2 Michigan State 9 0 Independent
82%
Preseason 18 Princeton 0 0 Independent
82%
Week 1 (10/1) 14 Princeton 1 0 Independent
82%
Week 2 (10/8) 13 Princeton 2 0 Independent
82%
Week 3 (10/15) 9 Princeton 3 0 Independent
82%
Week 4 (10/22) 8 Princeton 4 0 Independent
82%
Week 5 (10/29) 6 Princeton 5 0 Independent
82%
Week 6 (11/5) 4 Princeton 6 0 Independent
82%
Week 7 (11/12) 6 Princeton 7 0 Independent
82%
Week 8 (11/19) 5 Princeton 8 0 Independent
82%
Week 9 (11/26) 5 Princeton 9 0 Independent
82%
Week 10 (12/3) 6 Princeton 9 0 Independent
82%
Week 2 (10/8) 19 Stanford 3 0 Pacific Coast
82%
Week 3 (10/15) 13 Stanford 4 0 Pacific Coast
82%
Week 4 (10/22) 11 Stanford 5 0 Pacific Coast
82%
Week 5 (10/29) 11 Stanford 6 0 Pacific Coast
82%
Week 6 (11/5) 7 Stanford 7 0 Pacific Coast
82%
Week 7 (11/12) 4 Stanford 8 0 Pacific Coast
82%
Week 8 (11/19) 3 Stanford 9 0 Pacific Coast
82%
Week 9 (11/26) 8 Stanford 9 1 Pacific Coast
82%
Week 10 (12/3) 7 Stanford 9 1 Pacific Coast
82%
Preseason 7 Texas A&M 0 0 Southwest
82%
Week 1 (10/1) 10 Texas A&M 1 0 Southwest
82%
Week 2 (10/8) 4 Texas A&M 2 0 Southwest
82%
Week 3 (10/15) 6 Texas A&M 3 0 Southwest
82%
Week 4 (10/22) 16 Texas A&M 3 1 Southwest
82%
Week 5 (10/29) 18 Texas A&M 3 1 1 Southwest
82%
Preseason 15 Wisconsin 0 0 Big Ten
82%
Week 4 (10/22) 14 Wisconsin 2 1 1 Big Ten
82%
Week 5 (10/29) 10 Wisconsin 3 1 1 Big Ten
82%
Week 6 (11/5) 9 Wisconsin 4 1 1 Big Ten
82%
Week 7 (11/12) 8 Wisconsin 5 1 1 Big Ten
82%
Week 8 (11/19) 8 Wisconsin 6 1 1 Big Ten
82%
Week 9 (11/26) 7 Wisconsin 7 1 1 Big Ten
82%
Week 10 (12/3) 8 Wisconsin 7 1 1 Big Ten
82%
Preseason 13 Baylor 0 0 Southwest
73%
Week 1 (10/1) 19 Baylor 1 0 Southwest
73%
Week 2 (10/8) 12 Baylor 2 0 Southwest
73%
Week 3 (10/15) 10 Baylor 3 0 Southwest
73%
Week 4 (10/22) 7 Baylor 4 0 Southwest
73%
Week 5 (10/29) 8 Baylor 4 0 1 Southwest
73%
Week 6 (11/5) 16 Baylor 4 1 1 Southwest
73%
Week 7 (11/12) 10 Baylor 5 1 1 Southwest
73%
Week 8 (11/19) 10 Baylor 6 1 1 Southwest
73%
Week 9 (11/26) 9 Baylor 7 1 1 Southwest
73%
Week 10 (12/3) 9 Baylor 8 1 1 Southwest
73%
Week 5 (10/29) 19 Miami 4 1 Independent
73%
Week 1 (10/1) 15 Oregon State 1 1 Pacific Coast
73%
Week 2 (10/8) 18 Oregon State 2 1 Pacific Coast
73%
Week 3 (10/15) 15 SMU 3 1 Southwest
73%
Week 6 (11/5) 13 TCU 5 2 Southwest
73%
Week 7 (11/12) 13 TCU 5 2 Southwest
73%
Week 9 (11/26) 11 TCU 5 4 Southwest
73%
Week 10 (12/3) 11 TCU 6 4 Southwest
73%
Week 4 (10/22) 18 Washington State 3 2 Pacific Coast
73%
Week 5 (10/29) 16 Washington State 4 2 Pacific Coast
73%
Week 6 (11/5) 17 Washington State 5 2 Pacific Coast
73%
Week 7 (11/12) 17 Washington State 5 3 Pacific Coast
73%
Week 8 (11/19) 17 Washington State 6 3 Pacific Coast
73%
Week 9 (11/26) 18 Washington State 7 3 Pacific Coast
73%
Week 10 (12/3) 18 Washington State 7 3 Pacific Coast
73%
Week 1 (10/1) 18 Clemson 2 0 SoCon
64%
Week 2 (10/8) 16 Clemson 3 0 SoCon
64%
Week 10 (12/3) 20 Clemson 7 2 SoCon
64%
Week 7 (11/12) 19 Rice 4 3 Southwest
64%
Week 8 (11/19) 18 Rice 5 3 Southwest
64%
Week 8 (11/19) 15 Virginia 7 1 Independent
64%
Week 9 (11/26) 13 Virginia 8 1 Independent
64%
Week 10 (12/3) 13 Virginia 8 1 Independent
64%
Week 1 (10/1) 20 Kansas 2 0 Big Seven
55%
Preseason 20 Cornell 0 0 Independent
45%
Week 2 (10/8) 17 Cornell 2 0 Independent
45%
Week 3 (10/15) 14 Cornell 3 0 Independent
45%
Week 4 (10/22) 12 Cornell 4 0 Independent
45%
Week 7 (11/12) 20 Cincinnati 8 0 MAC
27%
Week 2 (10/8) 15 Holy Cross 2 0 Independent
27%
Week 8 (11/19) 16 Holy Cross 7 1 Independent
27%
Week 9 (11/26) 19 Holy Cross 8 1 Independent
27%
Week 10 (12/3) 19 Holy Cross 8 2 Independent
27%
Week 3 (10/15) 18 Northwestern 3 0 Big Ten
27%
Week 4 (10/22) 13 Northwestern 4 0 Big Ten
27%
Week 4 (10/22) 20 San Francisco 5 0 Independent
27%
Week 5 (10/29) 20 San Francisco 6 0 Independent
27%
Week 6 (11/5) 15 San Francisco 7 0 Independent
27%
Week 7 (11/12) 14 San Francisco 7 0 Independent
27%
Week 8 (11/19) 13 San Francisco 8 0 Independent
27%
Week 9 (11/26) 14 San Francisco 9 0 Independent
27%
Week 10 (12/3) 14 San Francisco 9 0 Independent
27%
Week 3 (10/15) 12 Villanova 3 0 Independent
27%
Week 10 (12/3) 16 Boston U 6 4 Independent
9%
Week 8 (11/19) 20 Bucknell 9 0 Independent
9%
Week 2 (10/8) 20 College of the Pacific 3 0 Independent
9%
Week 3 (10/15) 16 College of the Pacific 4 0 Independent
9%
Week 6 (11/5) 19 College of the Pacific 6 1 Independent
9%
No matching quizzes found
Score Distribution
Percent of People with Each Score
Percentile by Number Answered
Your Score History
You have not taken this quiz